Òpera Garraf : més enllà del paisatge i del mite = Ópera Garraf : más allá del paisaje y el mito = Opera Garraf : beyond the landscape and the myth
Descripción Física:
1 fulletó ; il·lustració color ; 21 cm
Idioma:
Catalán , Español , English
MARC
| LEADER | 00000nam a22000007a 4500 | ||
|---|---|---|---|
| 001 | 27860 | ||
| 003 | Arxiu | ||
| 005 | 20260324181516.0 | ||
| 008 | 230515b spa||||| |||| 00| 0 cat d | ||
| 017 | |a B 29975-2018 | ||
| 040 | |a agdb |b cat | ||
| 041 | |a cat |a spa |a eng | ||
| 245 | |a Òpera Garraf : més enllà del paisatge i del mite = Ópera Garraf : más allá del paisaje y el mito = Opera Garraf : beyond the landscape and the myth | ||
| 260 | |a Barcelona : |b Palau Güell : |b Diputació de Barcelona ; |c 2018 | ||
| 300 | |a 1 fulletó ; |b il·lustració color ; |c 21 cm | ||
| 500 | |a Fulletó de l'estrena del tercer acte de l'òpera "Garraf", amb música de Garci Robles i llibret de Picó i Campamar. | ||
| 610 | 2 | 0 | |9 52964 |a Palau Güell (Barcelona) |x Activitats culturals |
| 710 | 2 | |9 17034 |a Palau Güell (Barcelona) | |
| 710 | 1 | |a Barcelona (Catalunya : Província). |b Diputació |9 52408 | |
| 942 | |2 udc |c ARXIU |n 1 | ||
| 952 | |0 0 |1 0 |2 udc |4 0 |6 FU7584 |7 1 |9 66321 |a Arxiu |b Arxiu |d 2023-05-15 |l 0 |o FU-75-84 |p 27860 |r 2023-05-15 00:00:00 |w 2023-05-15 |y ARXIU | ||
| 999 | |c 83446 |d 83446 | ||